Sports Quiz

Random Sports or NFL Quiz

Patriots players snap counts Quiz Stats

Quiz not verified by Sporcle

Challenge
Share
Tweet
Embed
Score 0/17 Timer 03:00
0 Plays Today
Position Player % Correct
QBTom Brady
100%
TERob Gronkowski
100%
TEDan Gronkowski
97.4%
WRWes Welker
92.1%
TEAaron Hernandez
92.1%
WRJulian Edelman
84.2%
RBBenJarvus Green-Ellis
81.6%
RBStevan Ridley
78.9%
QBBrian Hoyer
76.3%
Position Player % Correct
WRDeion Branch
71.1%
RBDanny Woodhead
63.2%
RBKevin Faulk
63.2%
WRChad Ochocinco
60.5%
LTMatt Light
57.9%
WRMatthew Slater
44.7%
TENate Solder
34.2%
WRTiquan Underwood
28.9%

You're not logged in!

Compare scores with friends on all Sporcle quizzes.
Join for Free
OR
Log In

You Might Also Like...

Show Comments

Extras

Top Quizzes Today


Score Distribution

Your Account Isn't Verified!

In order to create a playlist on Sporcle, you need to verify the email address you used during registration. Go to your Sporcle Settings to finish the process.

Report this User

Report this user for behavior that violates our Community Guidelines.

Details: